[Event "Innsbruck op-B 2nd"]
[Site "Innsbruck"]
[Date "2018.09.01"]
[Round "9"]
[White "Fasching, Andreas"]
[Black "Zeindl, Christoph"]
[Result "1/2-1/2"]
[WhiteElo "1772"]
[BlackElo "1883"]
[PlyCount "150"]
[EventDate "2018.08.24"]
[EventType "swiss"]
[EventRounds "9"]
[EventCountry "AUT"]
[SourceTitle "CBM 186 Extra"]
[Source "ChessBase"]
[SourceDate "2018.08.24"]
[SourceVersion "1"]
[SourceVersionDate "2018.08.24"]
[SourceQuality "1"]

1. d4 c5 2. Nf3 Nf6 3. Bf4 Nc6 4. e3 cxd4 5. exd4 Qb6 6. b3 Nd5 7. Bg3 Qb4+ 8. Qd2 Qxd2+ 9. Kxd2 Nf6 10. c3 Ne4+ 11. Kc2 d6 12. d5 Nxg3 13. hxg3 Bf5+ 14. Bd3 Bxd3+ 15. Kxd3 Nd8 16. c4 g6 17. Nc3 Bg7 18. Rad1 Bxc3 19. Kxc3 Kd7 20. Rh6 e6 21. dxe6+ Nxe6 22. Rdh1 Nf8 23. Ng5 Ke7 24. f4 Rc8 25. f5 Kf6 26. Ne4+ Ke5 27. Re1 d5 28. Nc5+ Kxf5 29. Nxb7 Kg5 30. Nd6 Rc7 31. Rh4 f6 32. Rd1 h5 33. Rxd5+ f5 34. c5 Nh7 35. Kc4 a6 36. Kb4 Rb8+ 37. Ka5 Nf6 38. Ne4+ Nxe4 39. Rxe4 Rb5+ 40. Kxa6 Rbxc5 41. Rxc5 Rxc5 42. Rc4 Re5 43. Rc2 Re6+ 44. Ka7 Re7+ 45. Kb6 Re6+ 46. Rc6 Re3 47. b4 Rxg3 48. a4 Rg4 49. Kb5 Rxg2 50. a5 Ra2 51. a6 h4 52. Kb6 h3 53. Rc1 h2 54. b5 Kg4 55. a7 Kg3 56. Kb7 Kg2 57. a8Q Rxa8 58. Kxa8 h1Q 59. Rxh1 Kxh1 60. b6 f4 61. b7 f3 62. b8Q f2 63. Qb1+ Kh2 64. Qf1 Kg3 65. Kb7 g5 66. Qh1 g4 67. Kc6 Kf4 68. Qg2 Ke3 69. Qg3+ Ke2 70. Qxg4+ Ke1 71. Qe4+ Kf1 72. Kd5 Kg1 73. Qg4+ Kh2 74. Qf3 Kg1 75. Qxf2+ Kxf2 1/2-1/2

[Event "Innsbruck op-B 2nd"]
[Site "Innsbruck"]
[Date "2018.08.31"]
[Round "8"]
[White "Zeindl, Christoph"]
[Black "Svanda, Adam"]
[Result "0-1"]
[WhiteElo "1883"]
[BlackElo "1841"]
[PlyCount "172"]
[EventDate "2018.08.24"]
[EventType "swiss"]
[EventRounds "9"]
[EventCountry "AUT"]
[SourceTitle "CBM 186 Extra"]
[Source "ChessBase"]
[SourceDate "2018.08.24"]
[SourceVersion "1"]
[SourceVersionDate "2018.08.24"]
[SourceQuality "1"]

1. b3 c5 2. Bb2 e6 3. e3 Nc6 4. Bb5 Qc7 5. Qg4 Nf6 6. Bxf6 gxf6 7. c3 a6 8. Be2 b6 9. d4 cxd4 10. exd4 Nb4 11. Bf3 Rb8 12. Qe4 Bb7 13. Qe2 Nd5 14. Nh3 Nxc3 15. Qd3 Nxb1 16. Rxb1 Bb4+ 17. Ke2 Bxf3+ 18. Kxf3 Qc6+ 19. Qe4 Qxe4+ 20. Kxe4 d5+ 21. Kd3 Rc8 22. Rbc1 Kd7 23. Nf4 Ba3 24. Rxc8 Rxc8 25. Ne2 e5 26. f3 Kd6 27. Rb1 Bb4 28. a3 Bxa3 29. Ra1 Bb4 30. Rxa6 Rc6 31. Ra4 Be1 32. Ra7 Rc7 33. Ra8 h5 34. Rb8 Rc6 35. Rd8+ Ke6 36. dxe5 fxe5 37. Re8+ Kf6 38. Rh8 Kg6 39. Rg8+ Kf6 40. Rh8 h4 41. g3 hxg3 42. hxg3 Rd6 43. g4 Kg6 44. Rg8+ Kf6 45. Rh8 Ke7 46. Rh5 f6 47. Rh7+ Ke6 48. Rh8 Kd7 49. Rh7+ Kc6 50. Re7 Bh4 51. Rh7 Bg5 52. Nc3 Kc5 53. Na2 Bf4 54. Rc7+ Kb5 55. Rc8 Bg3 56. Ra8 Bf2 57. Nc3+ Kb4 58. Kc2 Bd4 59. Ra4+ Kc5 60. Ne2 Be3 61. Kd3 Bg5 62. Nc3 Bh4 63. b4+ Kc6 64. Ra8 Be1 65. Rc8+ Kb7 66. Nb5 Kxc8 67. Nxd6+ Kd7 68. Nf7 Ke7 69. Nh6 Bxb4 70. Nf5+ Ke6 71. Ng7+ Kf7 72. Nf5 Bc5 73. Ng3 b5 74. Ne2 b4 75. Nc1 Ke6 76. Nb3 Kd6 77. Nc1 Kc6 78. Ne2 Kb5 79. f4 e4+ 80. Kd2 Kc4 81. g5 fxg5 82. fxg5 Bf8 83. Nf4 b3 84. Ne6 e3+ 85. Kxe3 b2 86. Nxf8 b1Q 0-1

[Event "Innsbruck op-B 2nd"]
[Site "Innsbruck"]
[Date "2018.08.26"]
[Round "2"]
[White "Zeindl, Christoph"]
[Black "Mikulic, Ivica"]
[Result "1-0"]
[WhiteElo "1883"]
[BlackElo "1639"]
[PlyCount "103"]
[EventDate "2018.08.24"]
[EventType "swiss"]
[EventRounds "9"]
[EventCountry "AUT"]
[SourceTitle "CBM 186 Extra"]
[Source "ChessBase"]
[SourceDate "2018.08.24"]
[SourceVersion "1"]
[SourceVersionDate "2018.08.24"]
[SourceQuality "1"]

1. c4 e5 2. Nc3 f5 3. g3 Nf6 4. Bg2 Bc5 5. e3 0-0 6. Nge2 c6 7. d4 exd4 8. exd4 Be7 9. d5 d6 10. 0-0 c5 11. Qc2 Nbd7 12. f4 Nb6 13. b3 Ng4 14. h3 Nh6 15. Bb2 Bd7 16. Rae1 Bf6 17. Kh2 a6 18. Ng1 Nc8 19. a4 Rb8 20. Rf2 b5 21. axb5 axb5 22. cxb5 Bxb5 23. Nxb5 Rxb5 24. Bf1 Rb7 25. Bxf6 Rxf6 26. Bd3 Re7 27. Rfe2 Rxe2+ 28. Qxe2 Kf8 29. Nf3 Nb6 30. Ng5 Kg8 31. Bb5 g6 32. Qb2 Rf8 33. Qe2 Qf6 34. Bc6 Nf7 35. Ne6 Rb8 36. Qa2 Nc8 37. Re2 h6 38. Nc7 Qc3 39. Nb5 Qd3 40. Qb2 Nb6 41. Re6 Nxd5 42. Nxd6 Nc3 43. Rxg6+ Kh7 44. Nxf7 c4 45. Ne5 Qd4 46. b4 Rb6 47. Re6 Rb8 48. Re7+ Kh8 49. Rd7 Qe3 50. Nxc4 Qe2+ 51. Qxe2 Nxe2 52. b5 1-0

[Event "Niederoesterreich Landesliga 0708"]
[Site "Austria"]
[Date "2008.04.27"]
[Round "13"]
[White "Somasundram, Jayakumar"]
[Black "Zeindl, Christoph"]
[Result "1/2-1/2"]
[WhiteElo "1962"]
[BlackElo "1910"]
[PlyCount "25"]
[EventDate "2007.09.16"]
[EventType "team-tourn"]
[EventRounds "13"]
[EventCountry "AUT"]
[SourceTitle "EXT 2022"]
[Source "ChessBase"]
[SourceDate "2021.10.06"]
[SourceVersion "1"]
[SourceVersionDate "2021.10.06"]
[SourceQuality "1"]

1. e4 c5 2. Nf3 Nc6 3. d4 cxd4 4. Nxd4 d6 5. Nc3 g6 6. Be2 Bg7 7. Be3 Nf6 8. Nb3 h5 9. h3 Be6 10. f4 Qc8 11. Qd2 Nb4 12. Bb5+ Kf8 13. 0-0 1/2-1/2